000 00957nam a22002537a 4500
005 2013010105085.0
008 130101t xxu||||| |||| 00| 0 eng d
010 _aENG-106501
020 _a9788121211772
_c675.00
035 _aEN-90034
037 _bDBAD/PUB
040 _aDPL
_bENG
082 _a342.54085
100 _954584
245 _aCitizenship values under the constitution :
_cedited by Subhash C. Kashyap
_boperationalisation and teaching /
260 _aNew Delhi
_bGyan Publishing House
_c2013
270 _a23, Main Ansari Road, Daryaganj
_bNew Delhi
_e110002
300 _a224p.
_c23cm(Hb)
500 _aIncludes bibliographical references and index
650 _954585
700 _aKashyap, Subhash C.
_954599
942 _2ddc
_cEN
_mCIT
_h342.54085
999 _c72568
_d72568